00956nam a2200277 a 450000100060000000300080000600500170001400800410003102000260007203500200009804000320011804100080015008200240015810000310018224500570021325000120027026000510028230000330033350000660036650000200043265000320045265000290048494200120051399900170052595201360054251166BD-RjUL20211209075622.0160830s1977 caua 001 0 eng  a0534004857 c: $12.95 a(BD-RjUL) 51286 aDLCcDLCdDLCdBD-RjULbeng aeng00a516.3223bRIA 19771 aRiddle, Douglas F.915306910aAnalytic geometry with vectors /cDouglas F. Riddle. a2nd ed. aBelmont, Calif. :bWadsworth Pub. Co.,cc1977. aix, 336 p. :bill. ;c24 cm. aThird ed. published in 1982 under title: Analytical geometry. aIncludes index. 0aGeometry, Analytic.9153070 0aVector analysis.9153071 2ddccBK c51166d51166 00102ddc40708NFICaRUCLbRUCLcStackd1985-07-22eAsian Foundationl0o516.3 RIA 1977r2016-08-30 00:00:00tC-2w2016-08-30yBK